00722cam a22002417a 4500003000500000005001700005008004100022010001000063011001000073035001000083040000900093082001400102100002900116245013700145260005100282300000700333500002900340650002800369650001600397650002800413700002100441700001800462CHAP20220817043753.0010516d1998 mx r 00110 spa d a83900 a84872 a95398 cCHAP042338.9 M6500aMorales, Josefinaecomp.10aAntología de Alonso Aguilar Monteverde:btemas de economía políticac/comp. por Josefina Morales, Isaac Palacios e irma Portos aMéxico, D.F. :bNuestro Tiempo, S.A.,c1998- av. aLa biblioteca tiene: v.114aDesarrollo económico.14aEconomía.14aPolítica económica.0 aPalacios, Isaac.0 aPortos, Irma.